| 000 | 02617cam a22003857a 4500 | ||
|---|---|---|---|
| 001 | 14649528 | ||
| 003 | OSt | ||
| 005 | 20240618092530.0 | ||
| 008 | 061129s2007 njua 001 0 eng d | ||
| 010 | _a 2006939343 | ||
| 020 | _a9780691131535 | ||
| 020 | _a0691131538 | ||
| 020 | _a9780691130880 (pbk.) | ||
| 020 | _a0691130884 (pbk.) | ||
| 035 | _a(OCoLC)ocn100000310 | ||
| 040 |
_aB@L _cMUST _dEYE _dIXA _dYDXCP _dBTCTA _dBAKER _dMUQ _dSHH _dDLC |
||
| 042 | _alccopycat | ||
| 082 | 0 | 0 | _a515 BAN 2007 |
| 100 | 1 |
_aBanner, Adrian D., _d1975- _917405 |
|
| 245 | 1 | 4 |
_aThe calculus lifesaver : _ball the tools you need to excel at calculus / _cAdrian Banner. |
| 260 |
_aPrinceton, NJ : _bPrinceton University Press, _c2007. |
||
| 300 |
_axxi, 728 p. : _bill. ; _c26 cm. |
||
| 440 | 2 |
_aA Princeton lifesaver study guide _917406 |
|
| 500 | _aIncludes index. | ||
| 505 | 0 | _aFunctions, graphs, and lines -- Review of trigonometry -- Introduction to limits -- How to solve limit problems involving polynomials -- Continuity and differentiability -- How to solve differentiation problems -- Trig limits and derivatives -- Implicit differentiation and related rates -- Exponentials and logarithms -- Inverse functions and inverse trig functions -- The derivative and graphs -- Sketching graphs -- Optimization and linearization -- L'Hôpital's Rule and overview of limits -- Introduction to integration -- Definite integrals -- The fundamental theorems of calculus -- Techniques of integration, part one -- Techniques of integration, part two -- Improper integrals : basic concepts -- Improper integrals : how to solve problems -- Sequences and series : basic concepts -- How to solve series problems -- Taylor polynomials, Taylor series, and power series -- How to solve estimation problems -- Taylor and power series : how to solve problems -- Parametric equations and polar coordinates -- Complex numbers -- Volumes, arc lengths, and surface areas -- Differential equations. | |
| 650 | 0 |
_aCalculus. _9764 |
|
| 650 | 6 |
_aCalcul infinitésimal. _917407 |
|
| 856 | 4 | 2 |
_3Contributor biographical information _uhttp://www.loc.gov/catdir/enhancements/fy0809/2006939343-b.html |
| 856 | 4 | 2 |
_3Publisher description _uhttp://www.loc.gov/catdir/enhancements/fy0809/2006939343-d.html |
| 856 | 4 | 1 |
_3Table of contents only _uhttp://www.loc.gov/catdir/enhancements/fy0809/2006939343-t.html |
| 906 |
_a7 _bcbc _ccopycat _d2 _eepcn _f20 _gy-gencatlg |
||
| 942 |
_2ddc _cO_SHELF |
||
| 999 |
_c8585 _d8585 |
||